Catálogo

Vista normal Vista MARC

Entrada Personal Name

Número de registros utilizados en: 1

001 - CONTROL NUMBER

  • control field: 1110

003 - CONTROL NUMBER IDENTIFIER

  • control field: DLC

005 - DATE AND TIME OF LATEST TRANSACTION

  • control field: 20250411144750.0

008 - FIXED-LENGTH DATA ELEMENTS

  • fixed length control field: 840426n| azannaabn |b aaa

010 ## - LIBRARY OF CONGRESS CONTROL NUMBER

  • LC control number: n 84028119

024 7# - OTHER STANDARD IDENTIFIER

  • Standard number or code: 0000000121477519
  • Source of number or code: isni

035 ## - SYSTEM CONTROL NUMBER

  • System control number: (OCoLC)oca01111538

040 ## - CATALOGING SOURCE

  • Original cataloging agency: DLC
  • Language of cataloging: spa
  • Description conventions: rda
  • Transcribing agency: Mx-PuUPA
  • Modifying agency: MH
  • Modifying agency: DLC
  • Modifying agency: OCoLC
  • Modifying agency: DLC
  • Modifying agency: InU
  • Modifying agency: NL-TiUL
  • Modifying agency: Mx-PuUPA

046 ## - SPECIAL CODED DATES

  • Birth date: 19530720
  • Source of date scheme: edtf

100 1# - HEADING--PERSONAL NAME

  • Personal name: Friedman, Thomas L.,
  • Dates associated with a name: 1953-

370 ## - ASSOCIATED PLACE

  • Place of birth: Minneapolis (Minnesota)
  • Source of term: naf

374 ## - OCCUPATION

  • Occupation: Periodista
  • Occupation: Autor
  • Source of term: lcsh

375 ## - GENDER

  • Gender: hombre

377 ## - ASSOCIATED LANGUAGE

  • Language code: eng

400 1# - SEE FROM TRACING--PERSONAL NAME

  • Personal name: פרידמן, תומס ל.

400 1# - SEE FROM TRACING--PERSONAL NAME

  • Personal name: فريدمان، توماس ل.

400 1# - SEE FROM TRACING--PERSONAL NAME

  • Personal name: Fridmen, Tomas L.
  • Dates associated with a name: 1953-

670 ## - SOURCE DATA FOUND

  • Source citation: War torn, 1984:
  • Information found: CIP t.p. (Thomas L. Friedman)

670 ## - SOURCE DATA FOUND

  • Source citation: From Beirut to Jerusalem, 1990:
  • Information found: t.p. (Thomas Friedman)

670 ## - SOURCE DATA FOUND

  • Source citation: The lexus and the olive tree, c2000:
  • Information found: CIP t.p. (Thomas L. Friedman) galley (b. 1953 in Minneapolis; he was New York Times bureau chief in Beirut and in Jerusalem)

670 ## - SOURCE DATA FOUND

  • Source citation: Gale biog. in context, Oct. 7, 2010
  • Information found: (Friedman, Thomas L.; b. July 20, 1953)

670 ## - SOURCE DATA FOUND

  • Source citation: Leksus i olyvkove derevo, 2002:
  • Information found: t.p. (Tomas L. Fridmen)

670 ## - SOURCE DATA FOUND

  • Source citation: The world is flat, 2006:
  • Information found: t.p. (Thomas L. Friedman)